000 00509nam a2200181Ia 4500
003 GCL
008 140319s9999 xx 000 0 ara d
040 _aGCL /
_cGCL
082 0 4 _a415.1
_bم م
100 1 _aمحمد الانطاكى
245 1 0 _aالمنهاج فى القواعد والإعراب /
_cمحمد الانطاكى
260 _a[S.N] :
_bمكتبة دار الشرق
300 _a352 ص
490 _a
650 0 4 _aالنحو
650 0 4 _aاللغة العربية
942 _2ddc
_cBK
999 _c55426
_d55426